| 000 | 00700nam a22002297a 4500 | ||
|---|---|---|---|
| 003 | OSt | ||
| 005 | 20160425105759.0 | ||
| 008 | 160425b xxu||||| |||| 00| 0 eng d | ||
| 020 | _a0893280267 | ||
| 020 | _a9780893280260 | ||
| 040 | _aSEKU | ||
| 050 |
_aMT 100 _b.K55 |
||
| 100 | _aKnaust, Rebecca | ||
| 245 |
_aThe complete guide to Carmen/ _cwritten by Rebecca Knaust |
||
| 260 |
_aNew York : _bMcAfee Books, _c ©1978. |
||
| 300 |
_a184 pages : _billustrations, music ; _c 31 cm |
||
| 500 | _aIncludes glossary | ||
| 650 | _aBizet, Georges, -- 1838-1875. -- Carmen. | ||
| 650 | _aOperas -- Excerpts -- Vocal scores with piano. | ||
| 650 | _a Operas -- Librettos. | ||
| 942 |
_2lcc _cGEN |
||
| 999 |
_c12996 _d12996 |
||